| 000 | 00414nam a2200133 a 4500 | ||
|---|---|---|---|
| 090 |
_aLB _b05164 |
||
| 041 | _aspa | ||
| 100 |
_aTuberquia, Dino _974251 |
||
| 245 | _aManejo y uso sostenible de la Iraca (Carludovica palmata), para la producción de papel artesanal, un producto no maderable de la selva | ||
| 260 |
_aBogotá _bFundación Inguedé _c1996 |
||
| 300 | _a45 p. | ||
| 942 | _cIMPRESO | ||
| 945 | _d2007-11-29 | ||
| 999 |
_c5977 _d5977 |
||